Использование дискриминантного анализа для выявлeния финансово нeустойчивых пpeдпpиятий банков Pоссии и мира; Перспективы развития фундаментальных наук; Т. 5 : Экономика и управление
| Parent link: | Перспективы развития фундаментальных наук=Prospects of Fundamental Sciences Development: сборник научных трудов XV Международной конференции студентов, аспирантов и молодых ученых, г. Томск, 24-27 апреля 2018 г./ Национальный исследовательский Томский политехнический университет (ТПУ) ; под ред. И. А. Курзиной, Г. А. Вороновой.— , 2018 Т. 5 : Экономика и управление.— 2018.— [С. 264-266] |
|---|---|
| Autor principal: | |
| Autor Corporativo: | |
| Outros Autores: | |
| Resumo: | Заглавие с экрана In this article the financial reporting is considered and the mathematical model for identification of financially unstable banks of Russia and the world is under construction. Special attention is paid to data collection. They shall be written down correctly and in one dimension for the further analysis. Presently, even more often use mathematical modeling in the analysis of any processes. There is such threshold value or limits of data when which crossing the organization, in our case bank, begins to work at a loss. By means of models the forecast for a future period is done the same. In the bank sphere of Russia since 2013 there were changes and the Bank of Russia toughened control over credit institutions. It became the beginning to mass verification of the reporting of credit institutions and mass revocations of licenses. |
| Idioma: | russo |
| Publicado em: |
2018
|
| Assuntos: | |
| Acesso em linha: | http://earchive.tpu.ru/handle/11683/50935 |
| Formato: | Recurso Eletrônico Capítulo de Livro |
| KOHA link: | https://koha.lib.tpu.ru/cgi-bin/koha/opac-detail.pl?biblionumber=627696 |
MARC
| LEADER | 00000naa2a2200000 4500 | ||
|---|---|---|---|
| 001 | 627696 | ||
| 005 | 20231101133456.0 | ||
| 035 | |a (RuTPU)RU\TPU\conf\27671 | ||
| 035 | |a RU\TPU\conf\27668 | ||
| 090 | |a 627696 | ||
| 100 | |a 20180921d2018 k y0rusy50 ca | ||
| 101 | 0 | |a rus |d eng | |
| 102 | |a RU | ||
| 105 | |a y z 100zy | ||
| 135 | |a drgn ---uucaa | ||
| 181 | 0 | |a i | |
| 182 | 0 | |a b | |
| 200 | 1 | |a Использование дискриминантного анализа для выявлeния финансово нeустойчивых пpeдпpиятий банков Pоссии и мира |d Discriminant analysis to identify financially unstable enterprises bank of Russia and the world |f А. П. Чумаченко |g науч. рук. О. Л. Крицкий | |
| 203 | |a Текст |c электронный | ||
| 230 | |a 1 компьютерный файл (pdf; 173 Kb) | ||
| 300 | |a Заглавие с экрана | ||
| 320 | |a [Библиогр.: с. 266 (3 назв.)] | ||
| 330 | |a In this article the financial reporting is considered and the mathematical model for identification of financially unstable banks of Russia and the world is under construction. Special attention is paid to data collection. They shall be written down correctly and in one dimension for the further analysis. Presently, even more often use mathematical modeling in the analysis of any processes. There is such threshold value or limits of data when which crossing the organization, in our case bank, begins to work at a loss. By means of models the forecast for a future period is done the same. In the bank sphere of Russia since 2013 there were changes and the Bank of Russia toughened control over credit institutions. It became the beginning to mass verification of the reporting of credit institutions and mass revocations of licenses. | ||
| 461 | 1 | |0 (RuTPU)RU\TPU\conf\26928 |t Перспективы развития фундаментальных наук |l Prospects of Fundamental Sciences Development |o сборник научных трудов XV Международной конференции студентов, аспирантов и молодых ученых, г. Томск, 24-27 апреля 2018 г. |o в 7 т. |f Национальный исследовательский Томский политехнический университет (ТПУ) ; под ред. И. А. Курзиной, Г. А. Вороновой |d 2018 | |
| 463 | 1 | |0 (RuTPU)RU\TPU\conf\26933 |t Т. 5 : Экономика и управление |v [С. 264-266] |d 2018 | |
| 510 | 1 | |a Discriminant analysis to identify financially unstable enterprises bank of Russia and the world |z eng | |
| 610 | 1 | |a электронный ресурс | |
| 610 | 1 | |a труды учёных ТПУ | |
| 610 | 1 | |a дискриминантный анализ | |
| 610 | 1 | |a банки | |
| 610 | 1 | |a неустойчивость | |
| 610 | 1 | |a финансовая отчетность | |
| 610 | 1 | |a сбор данных | |
| 610 | 1 | |a математическое моделирование | |
| 610 | 1 | |a кредитные организации | |
| 700 | 1 | |a Чумаченко |b А. П. | |
| 702 | 1 | |a Крицкий |b О. Л. |c математик |c доцент Томского политехнического университета, кандидат физико-математических наук |f 1976- |g Олег Леонидович |2 stltpush |4 727 | |
| 712 | 0 | 2 | |a Национальный исследовательский Томский политехнический университет |b Инженерная школа ядерных технологий |b Отделение экспериментальной физики |h 7865 |2 stltpush |3 (RuTPU)RU\TPU\col\23549 |
| 801 | 2 | |a RU |b 63413507 |c 20181005 |g RCR | |
| 856 | 4 | |u http://earchive.tpu.ru/handle/11683/50935 | |
| 942 | |c BK | ||